00755nam a2200265Ia 4500008004100000020002200041050001200063050001600075100002400091245001100115245002100126260001200147260003100159260000900190300001500199300002400214300001100238440001700249500002000266650001000286650002500296700002900321999001900350952012000369170203s9999 xx 000 0 und d a1844216969 (pbk.) a796.815 b.C525j 2003 aChesterman, Barnaby aJudo / cBarnaby Chester. aItaly : bDavid West Children's Book c2003 a32 pages : bill. (some col.) ;  c29 cm. aMartial Arts aincludes index. aJudo. xJuvenile literature. aWillingham, Bob, author. c305517d305517 001040aSSISBbSSISBcHS NON-FICd2017-02-03l0o796.815 .C525j 2003pUS-0604r2017-02-03 00:00:00w2017-02-03yBK